| 000 | 01182cam a2200289 a 4500 | ||
|---|---|---|---|
| 001 | 4943280 | ||
| 003 | ARRUPE | ||
| 005 | 20160210105838.0 | ||
| 008 | 960314s1997 iluaf b 001 0beng | ||
| 010 | _a 96012922 | ||
| 020 | _a0226118657 (cloth : alk. paper) | ||
| 040 |
_aDLC _cDLC _dDLC |
||
| 043 | _ae-fr--- | ||
| 050 | 0 | 0 |
_aPQ2047 _b.C73 1997 |
| 082 | 0 | 0 |
_a848/.509 _aB _220 |
| 100 | 1 |
_aCranston, Maurice William, _d1920- _922212 |
|
| 245 | 1 | 4 |
_aThe solitary self : _bJean-Jacques Rousseau in exile and adversity / _cMaurice Cranston ; with a foreword by Sanford Lakoff. |
| 260 |
_aChicago : _bUniversity of Chicago Press, _c1997. |
||
| 300 |
_axii, 247 p.; _bill. ; _c24 cm. |
||
| 504 | _aIncludes bibliographical references (p. [217]-235) and index. | ||
| 600 | 1 | 0 |
_aRousseau, Jean-Jacques, _d1712-1778. _922213 |
| 650 | 0 |
_aAuthors, French _y18th century _vBiography. _922214 |
|
| 650 | 0 |
_aPhilosophers _zFrance _vBiography. _95567 |
|
| 906 |
_a7 _bcbc _corignew _d1 _eocip _f19 _gy-gencatlg |
||
| 942 |
_2lcc _cMONOGRAPH |
||
| 999 |
_c124143 _d124143 |
||